000 00928cam a22002411i 4500
003 SA-RiAUC
005 20250816140755.0
008 250811s2014 le g 000 0 ara c
040 _aSA-JeALM
_bara
_cSA-RiAUC
_erda
082 0 4 _a259
_qSA-RiAUC
090 _a259
_bر ي س
100 1 _aالريسوني، قطب،
_d1973-
_eمؤلف.
245 1 0 _aصناعة الفتوى في القضايا المعاصرة :
_bمعالم وضوابط وتصحيحات /
_cقطب الريسوني.
250 _aالطبعة الاولى.
264 1 _aبيروت :
_bدار ابن حزم للطباعة والنشر والتوزيع،
_c2014.
300 _a510 صفحة
_c24 سم.
336 _aنص
_btxt
_2rdacontent
_3كتاب
337 _aبدون وسيط
_bn
_2rdamedia
338 _aمجلد
_bnc
_2rdacarrier
650 7 _aالفقه الإسلامي
_2aucsh
942 _2ddc
_cBOOK
_n0
949 _aSA-JeALM
_d250811
_uosman123
_n1
999 _c10824
_d10824